000 01541cam a22003257a 4500
001 13501
005 20260316101950.0
008 070104s2004 sa a b 100 0 eng d
010 _a 2007332219
020 _a1874878676
035 _a14685576
035 _a(CStRLIN)NJPGV4960798-B
040 _aP4A
_cP4A
_dDLC
_dBSULIB
042 _alccopycat
043 _af------
050 0 0 _aSF180
_b.A565 2004
082 0 4 _a631.371
_222
_bANI
245 0 0 _aAnimal traction in South Africa:
_bEmpowering rural communities /
_cCompiled and edited by Paul Starkey.
260 _aGuateng, South Africa :
_bDevelopment Bank of South Africa,
_c1995.
300 _a159p. :
_bill. (some col.) ;
_c30 cm.
504 _aIncludes bibliographical references.
505 _a--Animal traction in South Africa: overview of the key issues --Animal traction in South Africa: the way forward --Portraying Animal traction in South Africa ----Animal traction in South Africa: the present situation --Social-economic aspects of Animal traction in South Africa --An historical perspective on animal power use in South Africa --The donkey in South Africa: myth and misconceptions
650 0 _aAnimal traction
_zAfrica
_926344
650 0 _aDraft animals
_zAfrica
_926345
906 _a7
_bcbc
_ccopycat
_d3
_encip
_f20
_gy-gencatlg
942 _2ddc
_cBK
999 _c13501
_d13501